[Event "World Rapid 2017"]
[Site "Riyadh KSA"]
[Date "2017.12.27"]
[Round "7.51"]
[White "Minko, Vladimir"]
[Black "Halkias, Stelios"]
[Result "0-1"]
[WhiteTitle "IM"]
[BlackTitle "GM"]
[WhiteElo "2381"]
[BlackElo "2571"]
[WhiteFideId "24146706"]
[BlackFideId "4201809"]
[EventDate "2017.12.26"]

1. d4 Nf6 2. c4 e6 3. Nf3 c5 4. g3 cxd4 5. Nxd4 d5 6. Bg2 e5 7. Nb3 d4 8. O-O
Nc6 9. f4 h5 10. e3 Bg4 11. Qd2 d3 12. Nc3 Bb4 13. a3 Bxc3 14. Qxc3 Be2 15.
Bxc6+ bxc6 16. Qxe5+ Kf8 17. Re1 h4 18. Nd4 hxg3 19. hxg3 Qd7 20. Qc5+ Kg8 21.
Qxc6 Qxc6 22. Nxc6 Bf3 23. Ne5 Be4 24. g4 Rd8 25. Kf2 d2 26. Rd1 Bc2 27. Nc6
Ne4+ 28. Kg1 Bxd1 29. Nxd8 Bf3 0-1

[Event "World Rapid 2017"]
[Site "Riyadh KSA"]
[Date "2017.12.27"]
[Round "7.52"]
[White "Jumabayev, Rinat"]
[Black "Omar, Noaman"]
[Result "1-0"]
[WhiteTitle "GM"]
[BlackTitle "IM"]
[WhiteElo "2612"]
[BlackElo "2364"]
[WhiteFideId "13702661"]
[BlackFideId "9300244"]
[EventDate "2017.12.26"]

1. Nf3 d5 2. g3 c5 3. Bg2 Nc6 4. c4 d4 5. O-O Nf6 6. e3 e5 7. exd4 exd4 8. Re1+
Be7 9. d3 O-O 10. Bf4 Bd6 11. Bg5 h6 12. Bxf6 Qxf6 13. Nbd2 Qd8 14. a3 a5 15.
Qe2 Bf5 16. Nh4 Bh7 17. Be4 f5 18. Bd5+ Kh8 19. Qh5 Qg5 20. Qxg5 hxg5 21. Re6
Bxg3 22. hxg3 gxh4 23. Nf3 Rfe8 24. Kg2 h3+ 25. Kxh3 Bg8 26. Rxe8 Rxe8 27. Kg2
Bxd5 28. cxd5 Nb8 29. Nh4 Nd7 30. Nxf5 Re2 31. b4 cxb4 32. axb4 axb4 33. Rb1 Re5
34. g4 g6 35. Nh4 Rxd5 36. Nxg6+ Kg7 37. Nf4 Rd6 38. Rxb4 Nc5 39. g5 b6 40. Kg3
Kf7 41. Kg4 Ne6 42. Nxe6 Kxe6 43. f4 Kd5 44. f5 Kc5 45. Rc4+ Kd5 46. f6 Re6 47.
f7 1-0

[Event "World Rapid 2017"]
[Site "Riyadh KSA"]
[Date "2017.12.27"]
[Round "7.53"]
[White "Dervishi, Erald"]
[Black "Lodhi, Mahmood"]
[Result "0-1"]
[WhiteTitle "GM"]
[BlackTitle "IM"]
[WhiteElo "2552"]
[BlackElo "2347"]
[WhiteFideId "4700236"]
[BlackFideId "7800010"]
[EventDate "2017.12.26"]

1. e4 e5 2. Nf3 Nc6 3. Bb5 a6 4. Ba4 Nf6 5. O-O Be7 6. Re1 b5 7. Bb3 d6 8. c3
O-O 9. h3 Na5 10. Bc2 c5 11. d4 Qc7 12. Nbd2 cxd4 13. cxd4 Bb7 14. Nf1 Rac8 15.
Re2 Nc6 16. Ng3 exd4 17. Nxd4 Nxd4 18. Qxd4 Ne8 19. Bb3 Bf6 20. Qd3 g6 21. Bh6
Ng7 22. Rd1 Rcd8 23. f4 Rfe8 24. f5 Be5 25. Rf1 d5 26. fxg6 hxg6 27. Re3 Kh7 28.
Bg5 dxe4 29. Bxd8 Rxd8 30. Nxe4 Rxd3 31. Ng5+ Kg8 32. Rxd3 Qb6+ 33. Kh1 Nf5 34.
Nxf7 Ng3+ 35. Rxg3 Bxg3 36. Nd6+ Kh8 37. Rf8+ Kg7 38. Rf7+ Kh6 39. Nxb7 Qc6 40.
Kg1 Qc1+ 41. Rf1 Qxb2 42. Rd1 Qe5 43. Nd8 Qe3+ 44. Kh1 a5 45. Bd5 Bf4 46. Ne6
Bd6 47. Nd4 b4 48. Nf3 Bg3 49. Bb3 Qe8 50. Bd5 a4 51. Rb1 Qb5 52. Be6 Qe2 53.
Bf7 Kg7 54. Ng5 Qe3 55. h4 Bxh4 56. Nf3 Bf2 57. Nh2 Qh6 58. Be6 Bg3 59. Bh3 Bxh2
60. Kxh2 Qd2 61. Kh1 Qxa2 62. Rxb4 a3 63. Rb7+ Kh6 64. Ra7 Qb1+ 65. Kh2 a2 0-1

[Event "World Rapid 2017"]
[Site "Riyadh KSA"]
[Date "2017.12.27"]
[Round "7.54"]
[White "Ibrahimov, Rasul"]
[Black "Masrahi, Abdulrahman A"]
[Result "0-1"]
[WhiteTitle "GM"]
[BlackTitle "CM"]
[WhiteElo "2518"]
[BlackElo "1962"]
[WhiteFideId "13400495"]
[BlackFideId "21501564"]
[EventDate "2017.12.26"]

1. Nf3 d5 2. d4 Nf6 3. c4 c6 4. Qc2 a6 5. c5 g6 6. Bf4 Nh5 7. Bg5 Bg7 8. e3 Bf5
9. Qc1 Nd7 10. Be2 h6 11. Bh4 g5 12. Bg3 Nxg3 13. hxg3 e5 14. Nbd2 Qe7 15. Nb3
O-O-O 16. Qc3 Bg6 17. O-O-O f5 18. Qb4 f4 19. Na5 Nb8 20. Nxe5 Bxe5 21. Bg4+ 0-1

[Event "World Rapid 2017"]
[Site "Riyadh KSA"]
[Date "2017.12.27"]
[Round "7.55"]
[White "Amer, Said Salim Al Maashani"]
[Black "Khenkin, Igor"]
[Result "0-1"]
[WhiteTitle "FM"]
[BlackTitle "GM"]
[WhiteElo "2103"]
[BlackElo "2554"]
[WhiteFideId "22000100"]
[BlackFideId "4659600"]
[EventDate "2017.12.26"]

1. e4 c6 2. Nc3 d5 3. Nf3 Bg4 4. d4 dxe4 5. Nxe4 Nf6 6. Nxf6+ exf6 7. Be2 Bd6 8.
O-O O-O 9. h3 Bh5 10. Re1 Re8 11. Nh4 Bxe2 12. Rxe2 g6 13. Bh6 Nd7 14. Rxe8+
Qxe8 15. Qd2 Qe6 16. b3 Re8 17. Kf1 g5 18. Nf3 Qf5 19. Qd3 Qxd3+ 20. cxd3 Nb6
21. h4 g4 22. Nd2 f5 23. g3 Re6 24. Be3 Nd5 25. Nc4 Bxg3 26. fxg3 Nxe3+ 27. Kf2
Nc2 28. Rc1 Nxd4 29. Ne3 b5 30. Rc5 a5 31. Ng2 Re2+ 32. Kf1 Rxa2 33. Nf4 Kf8 34.
h5 h6 35. Re5 Rb2 0-1

[Event "World Rapid 2017"]
[Site "Riyadh KSA"]
[Date "2017.12.27"]
[Round "7.56"]
[White "Al Jabri, Mohammed Ali"]
[Black "Christiansen, Johan-Sebastian"]
[Result "0-1"]
[BlackTitle "IM"]
[WhiteElo "2154"]
[BlackElo "2495"]
[WhiteFideId "7604734"]
[BlackFideId "1512668"]
[EventDate "2017.12.26"]

1. e4 e5 2. Nf3 Nc6 3. Bc4 Nf6 4. d3 Be7 5. c3 O-O 6. O-O d6 7. Bb3 Kh8 8. Re1
Ng8 9. d4 Bg4 10. Be3 f5 11. exf5 e4 12. h3 Bxf5 13. Nh2 Nf6 14. Nd2 d5 15. Nhf1
Qd7 16. Bf4 Rae8 17. Kh2 Bg6 18. Ng3 Bd6 19. Bxd6 Qxd6 20. Re3 Nh5 21. Kg1 Qf6
22. Qe1 Nf4 23. Bc2 Qg5 24. Qf1 Ne7 25. Rae1 h5 26. Ngxe4 dxe4 27. Nxe4 Bxe4 28.
Bxe4 Ned5 29. Bxd5 Rxe3 30. Rxe3 Qxd5 31. Re5 Qf7 32. Kh2 Qg6 33. g3 Nd3 34. Re2
h4 35. Qg2 Qd6 36. Kg1 hxg3 37. fxg3 Qf6 38. Re3 Nxb2 39. Re2 Nd1 40. Kh2 Nxc3
41. Re3 Qxd4 42. Rf3 Rxf3 43. Qxf3 Qd2+ 44. Kh1 Qd1+ 0-1

[Event "World Rapid 2017"]
[Site "Riyadh KSA"]
[Date "2017.12.27"]
[Round "7.57"]
[White "Al Abdali, Zeyad Saleh"]
[Black "El Adnani, Mokliss"]
[Result "0-1"]
[BlackTitle "IM"]
[WhiteElo "1801"]
[BlackElo "2448"]
[WhiteFideId "21501505"]
[BlackFideId "9000410"]
[EventDate "2017.12.26"]

1. d4 Nf6 2. Nf3 g6 3. Bg5 Bg7 4. e3 c5 5. Be2 Qb6 6. Nc3 Qxb2 7. Nb5 Qb4+ 8.
Qd2 Qxd2+ 9. Nxd2 Na6 10. O-O O-O 11. c3 d6 12. Bf3 Bd7 13. Rab1 Bc6 14. e4 h6
15. Bh4 g5 16. Bg3 g4 17. Be2 Nxe4 18. Nxe4 Bxe4 19. Rbc1 Bc6 20. a4 f5 21. f3
h5 22. fxg4 hxg4 23. Rcd1 Be4 24. h3 gxh3 25. gxh3 cxd4 26. Nxd4 Nc5 27. a5 a6
28. Kh2 Kh8 29. Rg1 f4 30. Bf2 f3 31. Bf1 e5 32. Nxf3 Rxf3 33. Bxc5 dxc5 34. Rd7
Rf2+ 35. Kg3 Raf8 36. Bc4 R8f3+ 37. Kg4 Bf5+ 38. Kg5 Bxd7 39. h4 Rf5+ 40. Kg6
Be8+ 0-1

[Event "World Rapid 2017"]
[Site "Riyadh KSA"]
[Date "2017.12.27"]
[Round "7.58"]
[White "Tissir, Mohamed"]
[Black "Lam, Daniel King-wai"]
[Result "1-0"]
[WhiteTitle "IM"]
[BlackTitle "FM"]
[WhiteElo "2381"]
[BlackElo "2222"]
[WhiteFideId "9000240"]
[BlackFideId "6001238"]
[EventDate "2017.12.26"]

1. e4 c5 2. Nc3 d6 3. Nf3 Nf6 4. d4 cxd4 5. Nxd4 a6 6. Bc4 e6 7. Bb3 b5 8. O-O
Be7 9. Qf3 Qc7 10. Re1 O-O 11. Qg3 Nc6 12. Nxc6 Qxc6 13. Bh6 Ne8 14. Nd5 Bd8 15.
Nf4 Kh8 16. Bd5 Qxc2 17. Bxa8 Qxb2 18. Nd3 Qd4 19. Bd2 Bf6 20. Rac1 Bd7 21. Bc6
Bxc6 22. Rxc6 Qa4 23. Bb4 Qxa2 24. e5 Qd5 25. exf6 Qxc6 26. Ne5 Qc7 27. Bxd6 Qa5
28. Rf1 gxf6 29. Bxf8 fxe5 30. Qxe5+ Kg8 31. Bh6 1-0

[Event "World Rapid 2017"]
[Site "Riyadh KSA"]
[Date "2017.12.27"]
[Round "7.59"]
[White "Al Saidi, Mohammed Khalfan"]
[Black "Khader, Sami"]
[Result "1/2-1/2"]
[BlackTitle "IM"]
[WhiteElo "1468"]
[BlackElo "2392"]
[WhiteFideId "22001271"]
[BlackFideId "8100500"]
[EventDate "2017.12.26"]

1. d4 Nf6 2. c4 e6 3. Nc3 Bb4 4. Qc2 d5 5. cxd5 exd5 6. Bg5 h6 7. Bxf6 Qxf6 8.
e3 O-O 9. a3 Bxc3+ 10. Qxc3 c6 11. Bd3 Bg4 12. Ne2 Nd7 13. O-O Rfe8 14. f3 Bf5
15. Bxf5 Qxf5 16. Ng3 Qg5 17. e4 Nf8 18. f4 Qg4 19. e5 Rac8 20. b4 b6 21. h3 Qd7
22. f5 c5 23. bxc5 bxc5 24. Nh5 Qd8 25. f6 g6 26. Ng7 cxd4 27. Qxd4 Ne6 28. Nxe6
Rxe6 29. Rad1 Qe8 30. Rfe1 Rd8 31. Re3 a6 32. Rde1 Qc6 33. Rd3 Rde8 34. Qxd5
Qxd5 35. Rxd5 Rxf6 36. Red1 Rfe6 37. Rd6 a5 38. Rxe6 Rxe6 39. Rd5 Ra6 40. a4 Kf8
41. Kf2 Ke7 42. Ke3 Ke6 43. Ke4 h5 44. g4 hxg4 45. hxg4 Rb6 46. Rxa5 Rb4+ 47.
Kf3 g5 48. Kg3 Rb3+ 49. Kg2 Rb4 50. Kf3 Rc4 51. Kg3 Rf4 52. Kh3 Rb4 53. Kg3 Rd4
54. Kf3 Rc4 55. Kg3 Rc3+ 56. Kg2 Ra3 57. Kh2 Ke7 58. Kg2 Ke6 59. Kh2 Rb3 60. Kg2
Rb4 61. Kf3 Rf4+ 62. Kg3 Kd7 63. Kh3 Kc6 64. Kg3 Kb6 65. Rb5+ Kc6 66. e6 fxe6
67. Rxg5 Rxa4 68. Rg8 Kd6 69. Rd8+ Ke7 70. Rb8 Kf7 71. Rb5 Kf6 72. Rb6 Ra1 73.
Rb5 Re1 74. Kf2 Rc1 75. Kf3 Rc4 76. Ra5 Rb4 77. Rc5 Rb3+ 78. Ke4 Rb4+ 79. Kf3
Ra4 80. Rb5 e5 81. Rc5 Rf4+ 82. Kg3 Rf1 83. Kg2 Re1 84. Kf2 Ra1 85. Kf3 Ra4 86.
Rb5 Rf4+ 87. Kg3 Rf1 88. Kg2 Rd1 89. Kf3 Rd3+ 90. Ke4 Rd4+ 91. Kf3 Ra4 92. Rc5
Ke6 93. Rb5 Rf4+ 94. Kg3 Rf1 95. Kg2 Rf8 96. Kg3 Kd6 97. g5 Ke6 98. Kg4 Rf4+ 99.
Kh5 Rf1 100. Rb6+ Kf7 101. Rb7+ Ke6 102. Rb6+ Kf7 103. Rb7+ Ke6 104. Rb6+ Kf7 1/2-1/2

[Event "World Rapid 2017"]
[Site "Riyadh KSA"]
[Date "2017.12.27"]
[Round "7.60"]
[White "Saeed, Ishaq"]
[Black "Al-Hajiri, Bader"]
[Result "1-0"]
[WhiteTitle "FM"]
[BlackTitle "FM"]
[WhiteElo "2434"]
[BlackElo "2165"]
[WhiteFideId "9301453"]
[BlackFideId "10300163"]
[EventDate "2017.12.26"]

1. d4 d5 2. c4 e6 3. Nf3 Nf6 4. e3 c6 5. Bd3 Nbd7 6. Nbd2 Bd6 7. O-O O-O 8. e4
dxe4 9. Nxe4 Nxe4 10. Bxe4 e5 11. dxe5 Nxe5 12. Nxe5 Bxe5 13. Bxh7+ Kxh7 14.
Qh5+ Kg8 15. Qxe5 Re8 16. Qg3 Be6 17. b3 Qd4 18. Be3 Qf6 19. Rad1 Qf5 20. Qc7
Rab8 21. Bxa7 Ra8 22. Qxb7 Qc2 23. a4 Qg6 24. Qxc6 Rec8 25. Qb6 Qg5 26. Qe3 Qe7
27. Bb6 1-0

[Event "World Rapid 2017"]
[Site "Riyadh KSA"]
[Date "2017.12.27"]
[Round "7.61"]
[White "Al-Saffar, Araz Basim Mohammed S"]
[Black "Abdyjapar, Asyl"]
[Result "1/2-1/2"]
[WhiteTitle "IM"]
[BlackTitle "IM"]
[WhiteElo "2368"]
[BlackElo "2382"]
[WhiteFideId "4801040"]
[BlackFideId "13800337"]
[EventDate "2017.12.26"]

1. d4 Nf6 2. c4 e6 3. Nf3 c5 4. g3 cxd4 5. Nxd4 Qc7 6. b3 Bb4+ 7. Bd2 Bc5 8. Be3
a6 9. Bg2 Ng4 10. O-O Nxe3 11. fxe3 O-O 12. Nc3 Nc6 13. Kh1 Ne5 14. Qd2 Rb8 15.
Rad1 b6 16. Ne4 Be7 17. Nf3 Bb7 18. Nd6 Nxf3 19. exf3 Bc6 20. e4 b5 21. c5 b4
22. Rc1 a5 23. Rfd1 Ra8 24. f4 Rfb8 25. e5 a4 26. Rc4 axb3 27. axb3 Bxg2+ 28.
Kxg2 Qc6+ 29. Ne4 Rb7 30. Kh3 Ra3 31. Rb1 f5 32. exf6 gxf6 33. Rxb4 Rxb4 34.
Qxb4 Ra2 35. Rd1 f5 36. Rd2 Ra8 37. Nd6 Qf3 38. Qb7 Qh5+ 39. Kg2 Rd8 40. b4 Bxd6
41. cxd6 Qe8 42. Qf3 Rb8 43. Rb2 Qc8 44. b5 Qc5 45. Qh5 Qxd6 46. Qg5+ Kf7 47.
Qh5+ Kg7 48. Qg5+ Kf7 1/2-1/2

[Event "World Rapid 2017"]
[Site "Riyadh KSA"]
[Date "2017.12.27"]
[Round "7.63"]
[White "Al Habeeb, Emad"]
[Black "Salama, Taher"]
[Result "1/2-1/2"]
[WhiteElo "1933"]
[BlackElo "1769"]
[WhiteFideId "21500029"]
[BlackFideId "11502231"]
[EventDate "2017.12.26"]

1. d4 Nf6 2. c4 e6 3. Nc3 d5 4. e3 Be7 5. Nf3 O-O 6. Be2 a6 7. c5 b6 8. b4 a5 9.
Ba3 axb4 10. Bxb4 bxc5 11. Bxc5 Bxc5 12. dxc5 Qe7 13. Qd4 Nc6 14. Qd2 Qxc5 15.
O-O Ba6 16. Rfc1 Bxe2 17. Nxe2 Qd6 18. Qc3 Ra6 19. Ned4 Nxd4 20. exd4 c6 21. Ne5
Rc8 22. a4 h6 23. a5 Ne4 24. Qd3 c5 25. f3 c4 26. Nxc4 Rxc4 27. Rxc4 dxc4 28.
Qxe4 Qd5 29. Ra4 Qb5 30. Qc2 Rxa5 31. Rxc4 Qf5 32. Rc8+ Kh7 33. Qc3 Qb1+ 34. Qc1
Qd3 35. Rc4 Rb5 36. Qc2 Rb1+ 37. Kf2 Rf1+ 38. Kg3 Qxc2 39. Rxc2 Rd1 40. Rc4 Kg6
41. h3 h5 42. Kf4 Kf6 43. h4 Rd2 44. g3 g6 45. Ke3 Rg2 46. Kf4 Rd2 47. Ra4 Rd3
48. Ke4 Rd1 49. Kf4 Rd2 50. Rb4 Rd1 51. Ke4 1/2-1/2

[Event "World Rapid 2017"]
[Site "Riyadh KSA"]
[Date "2017.12.27"]
[Round "7.64"]
[White "Alanazy, Mohammed"]
[Black "Al Omary, Ahmed"]
[Result "1-0"]
[WhiteElo "1850"]
[BlackElo "1875"]
[WhiteFideId "21508488"]
[BlackFideId "21500207"]
[EventDate "2017.12.26"]

1. e4 e6 2. f4 d5 3. exd5 exd5 4. Nf3 Nf6 5. d4 Bg4 6. Be2 Ne4 7. O-O Bd6 8. Ne5
Bxe2 9. Qxe2 O-O 10. Nd2 f6 11. Nxe4 dxe4 12. Nc4 f5 13. c3 Qe7 14. Ne3 c6 15.
Nc4 Bc7 16. Be3 Nd7 17. Rad1 Nf6 18. Ne5 Rad8 19. Bf2 Bxe5 20. dxe5 Ng4 21. Qc4+
Kh8 22. Bc5 Qh4 23. h3 Rxd1 24. Rxd1 Nxe5 25. fxe5 Qh5 26. Bxf8 Qxd1+ 27. Qf1
Qxf1+ 28. Kxf1 Kg8 29. Bd6 Kf7 30. c4 Ke6 31. Ke2 g5 32. g3 f4 33. gxf4 gxf4 34.
h4 h5 35. b4 b6 36. a4 a6 37. b5 cxb5 38. cxb5 axb5 39. axb5 Kd5 40. Bc7 Ke6 41.
Bxb6 f3+ 42. Ke3 Kxe5 43. Bd4+ Kd5 44. b6 1-0

[Event "World Rapid 2017"]
[Site "Riyadh KSA"]
[Date "2017.12.27"]
[Round "7.65"]
[White "Alem, Ali Hussien"]
[Black "Bukannan, Ahmed A"]
[Result "0-1"]
[WhiteElo "1745"]
[BlackElo "1929"]
[WhiteFideId "21500088"]
[BlackFideId "21504164"]
[EventDate "2017.12.26"]

1. e4 Nf6 2. Nc3 d5 3. exd5 Nxd5 4. d4 Nc6 5. Bc4 Nb6 6. Bb5 Bd7 7. Nf3 a6 8.
Be2 Bg4 9. Be3 e6 10. a3 Be7 11. b3 O-O 12. O-O Bf6 13. Ne5 Nxe5 14. Bxg4 Nc6
15. Ne2 Qd7 16. Qd3 Rad8 17. Rad1 Qe7 18. b4 e5 19. c3 Rfe8 20. Qe4 exd4 21.
Qxe7 Rxe7 22. cxd4 Nc4 23. Rd3 Rde8 24. Bf4 Rxe2 25. Bxe2 Rxe2 26. Bxc7 Nxd4 27.
h3 g6 28. Rc1 b5 29. Bf4 Re4 30. Bh6 Ne2+ 31. Kh2 Nxc1 32. a4 Nxd3 0-1

[Event "World Rapid 2017"]
[Site "Riyadh KSA"]
[Date "2017.12.27"]
[Round "7.66"]
[White "Miswadah, Baha"]
[Black "Al Bargi, Hassan M"]
[Result "1-0"]
[WhiteElo "1877"]
[BlackElo "1579"]
[WhiteFideId "11502118"]
[BlackFideId "21501475"]
[EventDate "2017.12.26"]

1. e4 d5 2. exd5 Qxd5 3. Nc3 Qd8 4. d4 Nf6 5. Nf3 Bg4 6. h3 Bxf3 7. Qxf3 c6 8.
Be3 e6 9. O-O-O Bd6 10. Bg5 Nbd7 11. Bd3 Qa5 12. Bd2 O-O-O 13. Kb1 Qc7 14. Rhe1
Nb6 15. Ne4 Nxe4 16. Bxe4 Nd5 17. g3 h6 18. a3 Qb6 19. c4 Bxa3 20. Qxa3 Nf6 21.
Ba5 Qa6 22. Bxd8 Qxa3 23. bxa3 Nxe4 24. Rxe4 Rxd8 25. Kc2 Kc7 26. Kc3 Kd6 27.
c5+ Ke7 28. Rb1 Rd7 29. a4 a5 30. h4 Kf6 31. g4 g5 32. h5 Ke7 33. Kc4 Kd8 34.
Re2 Kc8 35. Rb3 Kd8 36. Reb2 Kc8 37. Rf3 Kd8 38. Rf6 1-0

[Event "World Rapid 2017"]
[Site "Riyadh KSA"]
[Date "2017.12.27"]
[Round "7.67"]
[White "Al Juhani, Bakr"]
[Black "Al Mahmood, Salman"]
[Result "1/2-1/2"]
[WhiteElo "1854"]
[BlackElo "1593"]
[WhiteFideId "21500185"]
[BlackFideId "11201517"]
[EventDate "2017.12.26"]

1. e4 c5 2. Nf3 d6 3. Bd3 Nf6 4. c3 e6 5. Bc2 Be7 6. d4 O-O 7. O-O Nbd7 8. Re1
b6 9. Nbd2 Bb7 10. Nf1 Rc8 11. Ng3 Qc7 12. e5 dxe5 13. dxe5 Bxf3 14. gxf3 Nxe5
15. Bf4 Bd6 16. Bxe5 Bxe5 17. Qe2 Bf4 18. Kg2 Rfd8 19. Rad1 Nd5 20. Qe4 g6 21.
Ne2 Bxh2 22. Rh1 Nf4+ 23. Nxf4 Bxf4 24. Rdg1 Qe5 25. Qxe5 Bxe5 26. Re1 Bf4 27.
Re4 e5 28. Re2 Rd7 29. Rd1 Rcd8 30. Rxd7 Rxd7 31. Ba4 Rd2 32. Rxd2 Bxd2 33. Bb5
Kg7 34. Bc4 Bc1 35. b4 Bd2 36. bxc5 bxc5 37. a4 Bxc3 38. Kh3 f5 39. Kg2 Kf6 40.
Bd5 h6 41. Kg3 g5 42. Kh3 Bd4 43. Kg2 Ke7 44. Kg3 Kd6 45. Bc4 e4 46. fxe4 fxe4
47. f4 exf3 48. Kxf3 Ke5 49. Kg4 Ke4 50. Kh5 Kf4 51. Kxh6 g4 52. Bd5 g3 53. Kh5
c4 54. Kh4 Bf2 55. Kh3 Ke3 56. Bxc4 Kd4 57. Kg2 Kc5 58. Bb5 1/2-1/2

[Event "World Rapid 2017"]
[Site "Riyadh KSA"]
[Date "2017.12.27"]
[Round "8.1"]
[White "Svidler, Peter"]
[Black "Carlsen, Magnus"]
[Result "1/2-1/2"]
[WhiteTitle "GM"]
[BlackTitle "GM"]
[WhiteElo "2765"]
[BlackElo "2837"]
[WhiteFideId "4102142"]
[BlackFideId "1503014"]
[EventDate "2017.12.26"]

1. Nf3 g6 2. e4 d6 3. d4 Nf6 4. Nc3 Bg7 5. Be2 O-O 6. O-O Nc6 7. d5 Nb8 8. h3 c6
9. a4 b6 10. Nd4 Bb7 11. a5 c5 12. Nb3 Na6 13. Bf4 Nc7 14. Qd2 Rb8 15. axb6 axb6
16. Rfe1 Re8 17. Bf1 Ra8 18. Rxa8 Qxa8 19. Nb5 Qc8 20. c3 Qd7 21. Nxc7 Qxc7 22.
Bb5 Ra8 23. Qe2 Qc8 24. Nd2 Ba6 25. Ra1 Bxb5 26. Rxa8 Qxa8 27. Qxb5 Qa7 28. Bg5
h6 29. Be3 Kh7 30. g4 Qa1+ 31. Kg2 Qd1 32. Qxb6 Nxg4 33. hxg4 Qxg4+ 34. Kf1 Qd1+
35. Kg2 1/2-1/2

[Event "World Rapid 2017"]
[Site "Riyadh KSA"]
[Date "2017.12.27"]
[Round "8.5"]
[White "Kuzubov, Yuriy"]
[Black "Rapport, Richard"]
[Result "1/2-1/2"]
[WhiteTitle "GM"]
[BlackTitle "GM"]
[WhiteElo "2699"]
[BlackElo "2707"]
[WhiteFideId "14112906"]
[BlackFideId "738590"]
[EventDate "2017.12.26"]

1. d4 Nf6 2. c4 e6 3. g3 Bb4+ 4. Bd2 Be7 5. Bg2 O-O 6. Nf3 b6 7. O-O Bb7 8. Nc3
Na6 9. Rc1 Re8 10. Bf4 Ne4 11. Nxe4 Bxe4 12. Qa4 Qc8 13. Rfd1 c5 14. d5 Bf6 15.
dxe6 dxe6 16. Ne5 Bxg2 17. Kxg2 Nb4 18. Kg1 Bxe5 19. Bxe5 Nc6 20. Bc3 Qc7 1/2-1/2

[Event "World Rapid 2017"]
[Site "Riyadh KSA"]
[Date "2017.12.27"]
[Round "8.6"]
[White "Pantsulaia, Levan"]
[Black "Mamedov, Rauf"]
[Result "1/2-1/2"]
[WhiteTitle "GM"]
[BlackTitle "GM"]
[WhiteElo "2612"]
[BlackElo "2709"]
[WhiteFideId "13602071"]
[BlackFideId "13401653"]
[EventDate "2017.12.26"]

1. Nf3 g6 2. g3 Bg7 3. Bg2 d5 4. O-O Nf6 5. c4 c6 6. Qc2 O-O 7. b3 d4 8. d3 c5
9. b4 cxb4 10. a3 Nc6 11. axb4 Nxb4 12. Qa4 a5 13. Ba3 Bd7 14. Qb3 Bc6 15. Bxb4
axb4 16. Rxa8 Qxa8 17. Qxb4 Nd7 18. Na3 e5 19. Nb5 Rd8 20. Qb2 Qa5 21. Ra1 Qb6
22. Nd2 Nc5 23. Qa3 e4 24. Rb1 e3 25. fxe3 dxe3 26. Nf3 Ne6 27. Qa7 Qxa7 28.
Nxa7 Ra8 29. Nxc6 bxc6 30. Bh3 Nd4 31. Nxd4 Bxd4 32. Bg2 1/2-1/2

[Event "World Rapid 2017"]
[Site "Riyadh KSA"]
[Date "2017.12.27"]
[Round "8.7"]
[White "Quparadze, Giga"]
[Black "Cheparinov, Ivan"]
[Result "1/2-1/2"]
[WhiteTitle "GM"]
[BlackTitle "GM"]
[WhiteElo "2506"]
[BlackElo "2710"]
[WhiteFideId "13602250"]
[BlackFideId "2905540"]
[EventDate "2017.12.26"]

1. e4 e5 2. Nf3 Nc6 3. Bb5 a6 4. Ba4 Nf6 5. O-O Be7 6. Re1 b5 7. Bb3 d6 8. c3
O-O 9. h3 Nb8 10. d4 Nbd7 11. Nbd2 Bb7 12. Bc2 Re8 13. a4 Bf8 14. Bd3 c6 15. b3
g6 16. Bb2 Nh5 17. c4 bxa4 18. Rxa4 exd4 19. Bxd4 Nc5 20. Bxc5 dxc5 21. Bf1 Qc7
22. e5 f5 23. exf6 Nxf6 24. g3 Rxe1 25. Nxe1 Rd8 26. Nd3 Bc8 27. Qf3 Bg7 28. Qe3
Qd6 29. Nf3 Bf8 30. Qe5 Re8 31. Qxd6 Bxd6 32. Ra5 Ne4 33. Bg2 Kg7 34. Ra2 Nc3
35. Rd2 Bf5 36. Nc1 Bf8 37. g4 Be4 38. Rd7+ Re7 39. Rxe7+ Bxe7 40. Ne5 Kf6 41.
Nxc6 Bxc6 42. Bxc6 Ke5 43. Kg2 Kd4 44. Kf3 Bg5 45. Ne2+ Nxe2 46. Kxe2 Kc3 47.
Ba4 Kd4 48. Kf3 1/2-1/2

[Event "World Rapid 2017"]
[Site "Riyadh KSA"]
[Date "2017.12.27"]
[Round "8.8"]
[White "Safarli, Eltaj"]
[Black "Kravtsiv, Martyn"]
[Result "1/2-1/2"]
[WhiteTitle "GM"]
[BlackTitle "GM"]
[WhiteElo "2639"]
[BlackElo "2672"]
[WhiteFideId "13402129"]
[BlackFideId "14113147"]
[EventDate "2017.12.26"]

1. e4 e5 2. Nf3 Nc6 3. Nc3 Nf6 4. a3 Be7 5. d4 exd4 6. Nxd4 d6 7. Bc4 O-O 8. O-O
Nxd4 9. Qxd4 Nd7 10. Nd5 Bf6 11. Nxf6+ Qxf6 12. Be3 Re8 13. Rae1 Ne5 14. Be2 Qg6
15. Bf4 Qf6 16. Be3 Qg6 17. Bf4 Qf6 1/2-1/2

[Event "World Rapid 2017"]
[Site "Riyadh KSA"]
[Date "2017.12.27"]
[Round "8.9"]
[White "Karjakin, Sergey"]
[Black "Esipenko, Andrey"]
[Result "0-1"]
[WhiteTitle "GM"]
[BlackTitle "FM"]
[WhiteElo "2760"]
[BlackElo "2564"]
[WhiteFideId "14109603"]
[BlackFideId "24175439"]
[EventDate "2017.12.26"]

1. e4 c6 2. Nf3 d5 3. Nc3 Bg4 4. h3 Bxf3 5. Qxf3 Nf6 6. d3 e6 7. Bd2 Qb6 8.
O-O-O d4 9. Ne2 c5 10. e5 Nd5 11. Nf4 Nb4 12. Kb1 Nd7 13. Qe4 Nc6 14. Nh5 O-O-O
15. f4 c4 16. dxc4 Ba3 17. Bc1 Nc5 18. Qf3 d3 19. cxd3 Na4 20. Rd2 Nd4 21. Qf2
Nc3+ 22. Ka1 Qb3 23. bxc3 Qxc3+ 24. Bb2 Bxb2+ 25. Rxb2 Qc1+ 26. Rb1 Nc2+ 27.
Qxc2 Qxc2 28. g3 b5 29. cxb5 Rd4 0-1

[Event "World Rapid 2017"]
[Site "Riyadh KSA"]
[Date "2017.12.27"]
[Round "8.10"]
[White "Ponkratov, Pavel"]
[Black "Grischuk, Alexander"]
[Result "1/2-1/2"]
[WhiteTitle "GM"]
[BlackTitle "GM"]
[WhiteElo "2613"]
[BlackElo "2772"]
[WhiteFideId "4157800"]
[BlackFideId "4126025"]
[EventDate "2017.12.26"]

1. e4 e5 2. Nf3 Nc6 3. d4 exd4 4. Nxd4 Nf6 5. Nxc6 bxc6 6. e5 Qe7 7. Qe2 Nd5 8.
h4 Qe6 9. g3 d6 10. c4 Nb6 11. exd6 Bxd6 12. Bg2 O-O 13. Qxe6 Bxe6 14. Bxc6 Rab8
15. Nd2 Nxc4 16. Nxc4 Bxc4 17. Kd2 Rb6 18. Ba4 Be5 19. Rd1 Rd8+ 20. Ke3 Rxd1 21.
Bxd1 g6 22. Ke4 Re6 23. Kf3 Bd5+ 24. Kg4 h5+ 25. Kh3 Bd4 26. Bb3 Bxb3 27. axb3
Bxf2 28. Bf4 Re2 29. Bxc7 Rxb2 30. Rd1 Kf8 31. Rd3 f5 32. Be5 Ra2 33. Bd4 Bxd4
34. Rxd4 Ke7 35. Rd3 a5 36. Rd5 Ke6 37. Rb5 Kd6 38. Rb6+ Ke5 39. Rxg6 Ra3 40.
Rb6 Ke4 41. Rb5 Ra2 42. Rc5 Ra3 43. Rb5 Ra2 44. Rc5 Ra3 45. Kg2 Ra2+ 46. Kh3 1/2-1/2